| 000 | 00363 a2200109 4500 | ||
|---|---|---|---|
| 001 | ART_6999 | ||
| 005 | 20260410161659.0 | ||
| 008 | 260409a | ||
| 245 | 1 | 0 | _aTamaño de los préstamos y predictibilidad de las pérdidas de cartera en Argentina |
| 100 | 1 | _aBebczuk, Ricardo | |
| 773 | 0 |
_tEnsayos Económicos _g- Nº 49 (oct./dic. 2007) _wREV620 |
|
| 999 |
_c15034 _d15034 |
||